<The> possible development trends of management in the future

Možné trendy vývoja manažmentu v budúcnosti. Vývoj teórie holistickej kompetencie v oblasti manažmentu. Možné budúce zmeny v manažmente.

Salvato in:
Dettagli Bibliografici
Autore principale: Porvazník, Ján
Altri autori: Krenar, Petr
Natura: Capitolo di libro
Lingua:inglese
Soggetti:
Tags: Aggiungi Tag
Nessun Tag, puoi essere il primo ad aggiungerne!!

MARC

LEADER 00000nla a2200000 4500
001 0166203
005 20240502083407.3
041 0 |a eng 
044 |a CZ 
245 1 0 |a <The> possible development trends of management in the future  |c Ján Porvazník, Petr Krenar 
520 |a Možné trendy vývoja manažmentu v budúcnosti. Vývoj teórie holistickej kompetencie v oblasti manažmentu. Možné budúce zmeny v manažmente. 
610 2 0 |a manažment 
610 2 0 |a prognózy 
100 1 |a Porvazník, Ján 
700 1 |a Krenar, Petr